[Event "Prva liga Srbije 2009"]
[Site "Kragujevac"]
[Date "2009.09.02"]
[Round "2"]
[White "Jovanovic, Sasa M"]
[Black "Pavlovic, Milos 1"]
[Result "1/2-1/2"]
[WhiteElo "2293"]
[BlackElo "2533"]
[PlyCount "85"]
[EventDate "2009.??.??"]
[Source "Perpetual Check"]

1. Nf3 Nf6 2. g3 g6 3. b3 Bg7 4. Bb2 O-O 5. Bg2 d5 6. O-O Bg4 7. d3 c6 8. c4 a5
9. Nc3 Nbd7 10. Qc2 Bxf3 11. Bxf3 d4 12. Ne4 Nxe4 13. Bxe4 Re8 14. Rab1 e5 15.
Bg2 Nc5 16. Ba3 Bf8 17. b4 Ne6 18. c5 Nc7 19. bxa5 Rxa5 20. Bb4 Ra7 21. a4 Na6
22. Rb2 Qa8 23. Rfb1 Nc7 24. Bd2 Ne6 25. a5 Nxc5 26. Bb4 Na6 27. Bxf8 Rxf8 28.
h4 Nc7 29. h5 Nb5 30. Rxb5 cxb5 31. Rxb5 Rxa5 32. Rxb7 Ra1+ 33. Kh2 Qa2 34. Rb2
Qa5 35. Qc6 Qd8 36. Bf3 Qg5 37. Rb5 Ra7 38. Qc5 Re7 39. Qxd4 Qxh5+ 40. Bxh5
exd4 41. Bf3 Rd8 42. g4 Kg7 43. Kg3 1/2-1/2

[Event "Prva liga Srbije 2009"]
[Site "Kragujevac"]
[Date "2009.09.02"]
[Round "2"]
[White "Halkias, Stelios"]
[Black "Dudukovic, Nikola"]
[Result "1/2-1/2"]
[WhiteElo "2570"]
[BlackElo "2210"]
[PlyCount "65"]
[EventDate "2009.??.??"]
[Source "Perpetual Check"]

1. d4 Nf6 2. c4 c5 3. d5 e6 4. Nc3 exd5 5. cxd5 d6 6. e4 g6 7. h3 Bg7 8. Nf3
O-O 9. Bd3 Na6 10. O-O Re8 11. Re1 Nc7 12. a4 b6 13. Bf4 Ba6 14. Bxa6 Nxa6 15.
e5 dxe5 16. Nxe5 Nb4 17. d6 Nd7 18. Nxd7 Qxd7 19. Nb5 Bxb2 20. Rb1 Rxe1+ 21.
Qxe1 Re8 22. Qd2 Bf6 23. Rd1 a6 24. Nc7 Re4 25. Be3 Bd4 26. Bf4 Qxa4 27. Bg3 a5
28. Kh2 c4 29. Qxd4 Rxd4 30. Rxd4 Qd7 31. Rxc4 f6 32. Re4 Nc6 33. Nd5 1/2-1/2

[Event "Prva liga Srbije 2009"]
[Site "Kragujevac"]
[Date "2009.09.02"]
[Round "2"]
[White "Maric, Dragan"]
[Black "Brenjo, Slavisa"]
[Result "1/2-1/2"]
[WhiteElo "2267"]
[BlackElo "2495"]
[PlyCount "40"]
[EventDate "2009.??.??"]
[Source "Perpetual Check"]

1. e4 e5 2. Nf3 Nc6 3. Bb5 a6 4. Ba4 Nf6 5. O-O Be7 6. Re1 b5 7. Bb3 O-O 8. d4
d6 9. c3 Bg4 10. Be3 Bh5 11. Nbd2 d5 12. exd5 exd4 13. dxc6 dxe3 14. Rxe3 Bc5
15. Re2 Qd6 16. Ne4 Nxe4 17. Rxe4 Qf6 18. Qe2 Rad8 19. Re1 Qxc6 20. Re5 Bxf3
1/2-1/2